000 01001nam a22003497a 4500
001 BR0301377
003 BR-BrBNA
005 20230928101245.0
007 ta
008 230509b bl.||||| |||| 00| 0 por d
040 _aBR-BrBNA
_bpor
_cBiblioteca Nacional de Agricultura
041 _a(Por)
072 _aL73; L70
_b5214
090 _ 5214 BR0301377
100 1 _aCastilhos, L.R. de
110 1 _aUniversidade Federal de Lavras, MG (Brasil)
_0Tese (Mestrado)
245 1 _aAvaliação da terapêutica homeopática nas ovariopatias císticas de bovinos leiteiros
260 3 _aLavras, MG (Brasil):
_c2003.
300 _a53 p.
500 _aSummaries (Eng, Por); Bibliography p.40-46; 8 tables
650 _aGADO LEITEIRO
650 _aOVÁRIO
650 _aCISTO
650 _aDOENÇA ANIMAL
650 _aHOMEOPATIA
650 _aDIAGNÓSTICO
650 _aMEDICAMENTO
650 _aCUSTO
650 _aCICLO ESTRAL
909 _a202309
_bLucia
_c55
_dLucia Elande
942 _cBK
999 _c64952
_d64952